[Event "Druzynowe Mistrzostwa Polski Juniorow - II Liga"]
[Site "Iwonicz"]
[Date "2016-07-31"]
[Round "9.48"]
[White "Orlik, Sandra"]
[Black "Wyrzykowska, Aleksandra"]
[Result "1-0"]
[WhiteTitle "I"]
[BlackTitle "I"]
[WhiteElo "1519"]
[BlackElo "1251"]

1. d4 d5 2. c4 e6 3. cxd5 exd5 4. Nc3 Nf6 5. Bf4 Bf5 6. e3 Bd6 7. Be5 c6 8. Nf3
O-O 9. Bd3 Ne4 10. Bxd6 Qxd6 11. Nh4 Nxc3 12. bxc3 Bxd3 13. Qxd3 Nd7 14. Nf5 Qe6
15. O-O Nb6 16. Rab1 Rac8 17. Rfe1 Rfe8 18. Ng3 c5 19. e4 cxd4 20. cxd4 g6 21.
Qa3 Rc4 22. Qxa7 Nc8 23. Qxb7 Rxd4 24. e5 Rd2 25. Rb2 Rd3 26. Qb5 Rc3 27. Rbe2
Nb6 28. Qb4 Rc6 29. f4 Qg4 30. Qb5 Rec8 31. Rf2 Qe6 32. f5 Qd7 33. fxg6 hxg6 34.
Qb3 Nc4 35. Rf6 Kg7 36. Rxc6 Rxc6 37. a4 Ra6 38. Qb5 Qxb5 39. axb5 Re6 40. Rb1
Nb6 41. Re1 Re7 42. Kf2 Nc4 43. Rb1 Nxe5 44. Ne2 Nc4 45. Rd1 Rd7 46. Nd4 Kf6 47.
Nc6 Ke6 48. Kf3 Kd6 49. Nd4 Kc5 50. Kf4 Re7 51. Nb3+ Kd6 52. Nd4 Re4+ 53. Kg5
Kc5 54. Nb3+ Kb4 55. Nd4 Nb6 56. Kf6 Rf4+ 57. Ke5 Re4+ 58. Kd6 Kc4 59. Kc6 Na4
60. Nf3 Nc3 61. Nd2+ Kb4 62. Nxe4 Nxe4 63. Rxd5 1-0

[Event "Druzynowe Mistrzostwa Polski Juniorow - II Liga"]
[Site "Iwonicz"]
[Date "2016-07-31"]
[Round "9.49"]
[White "Pyka, Slawomir"]
[Black "Domanski, Lukasz"]
[Result "1-0"]
[WhiteTitle "I"]
[BlackTitle "I++"]
[WhiteElo "1620"]
[BlackElo "2001"]

1. d4 d6 2. Nf3 Bg4 3. Nbd2 g6 4. g3 Bg7 5. Bg2 Nd7 6. O-O c6 7. c3 e5 8. dxe5
Nxe5 9. Nxe5 dxe5 10. h3 Be6 11. Ne4 Bd5 12. Be3 Ne7 13. Bg5 Bxe4 14. Bxe4 h6
15. Qxd8+ Rxd8 16. Bxe7 Kxe7 17. Rfd1 h5 18. Bc2 Rxd1+ 19. Rxd1 f5 20. Kg2 h4
21. g4 Rf8 22. f3 Bh6 23. b3 Be3 24. Rf1 Bd2 25. c4 Be3 26. a3 Ke6 27. Bd3 a5
28. b4 axb4 29. axb4 Ra8 30. Rb1 Ra2 31. Kf1 b6 32. Rb3 Ra7 33. gxf5+ gxf5 34.
Bxf5+ Kxf5 35. Rxe3 Ra1+ 36. Kf2 Rb1 37. c5 Rxb4 38. cxb6 Rxb6 39. Re4 c5 40.
Rxh4 Rb4 41. Rh6 Rb1 42. h4 c4 43. e4+ Kf4 44. Rf6# 1-0

[Event "Druzynowe Mistrzostwa Polski Juniorow - II Liga"]
[Site "Iwonicz"]
[Date "2016-07-31"]
[Round "9.51"]
[White "Gozdzicki, Maciej"]
[Black "Norek, Maciej"]
[Result "1-0"]
[WhiteTitle "II"]
[BlackTitle "II"]
[WhiteElo "1514"]
[BlackElo "1200"]

1. d4 Nf6 2. Nf3 e6 3. Bg5 Be7 4. c4 b6 5. e3 Bb7 6. Be2 d6 7. O-O Nbd7 8. Nc3
O-O 9. Qc2 c5 10. Rfd1 Qc7 11. Rac1 Rad8 12. h3 Rfe8 13. Bf4 Nf8 14. b3 Qc8 15.
dxc5 bxc5 16. e4 Ng6 17. Bh2 e5 18. Nd2 Qa8 19. f3 Nh5 20. Nf1 Nhf4 21. Rb1 a5
22. Ne3 Ne6 23. Ned5 Nd4 24. Qd2 f5 25. Nc7 Qc8 26. Nxe8 Rxe8 27. Bd3 Nh4 28.
Qf2 Rf8 29. Bg3 Qd8 30. Nd5 Bxd5 31. cxd5 f4 32. Bh2 Bg5 33. Kh1 h5 34. Bg1 Qd7
35. Qf1 Bh6 36. Bxd4 cxd4 37. Bb5 Qd8 38. Rbc1 g5 39. Ba6 Qd7 40. Qb5 Qg7 41.
Rc8 g4 42. Rxf8+ Qxf8 43. Rc1 Qf7 44. Rc8+ Bf8 45. Qf1 Qa7 46. Be2 d3 47. Bxd3
Qe3 48. Be2 g3 49. Bb5 Qd2 50. a4 Qb2 51. Ra8 Qd2 52. Be8 Qb2 53. Rxa5 Qxb3 54.
Ra8 Qb7 55. Bc6 Qb2 56. a5 Kg7 57. a6 Nxf3 58. Ra7+ Kg6 59. Rb7 Qd2 60. a7 Nh4
61. a8=Q f3 62. Qe8+ Kg5 63. Qd8+ 1-0

[Event "Druzynowe Mistrzostwa Polski Juniorow - II Liga"]
[Site "Iwonicz"]
[Date "2016-07-31"]
[Round "9.52"]
[White "Wielgus, Wojciech"]
[Black "Majdanski, Maksymilian"]
[Result "0-1"]
[WhiteTitle "II"]
[BlackTitle "II"]
[WhiteElo "1118"]
[BlackElo "1515"]

1. e4 e5 2. Nf3 d6 3. d4 exd4 4. Nxd4 Nf6 5. Nc3 Be7 6. Be2 O-O 7. g4 c5 8. Nf5
Bxf5 9. gxf5 Nc6 10. Rg1 Kh8 11. Bg5 a6 12. Qd3 Nb4 13. Qd2 b5 14. O-O-O Qa5 15.
a3 Nc6 16. Rg3 b4 17. Nb1 Nxe4 18. Qd3 Nxg3 19. Qxg3 Nd4 0-1

[Event "Druzynowe Mistrzostwa Polski Juniorow - II Liga"]
[Site "Iwonicz"]
[Date "2016-07-31"]
[Round "9.53"]
[White "Krzywnicka, Maria"]
[Black "Hryn, Zofia"]
[Result "1/2-1/2"]
[WhiteTitle "I+"]
[BlackTitle "I"]
[WhiteElo "1685"]
[BlackElo "1531"]

1. e4 c5 2. Nc3 a6 3. a4 b6 4. g3 Bb7 5. Bg2 Nf6 6. d3 e6 7. f4 Be7 8. Nh3 d6 9.
O-O Qc7 10. Bd2 Nc6 11. Na2 b5 12. Nc3 b4 13. Ne2 a5 14. c4 O-O-O 15. Nf2 h5 16.
h3 Rdg8 17. h4 e5 18. Bh3+ Kb8 19. f5 Nd7 20. Bg5 f6 21. Be3 g5 22. hxg5 fxg5
23. g4 h4 24. Kg2 Nf6 25. Ng1 Nh7 26. Nf3 Bf6 27. Qe2 Rg7 28. Nd1 Re8 29. Bf2
Nf8 30. Ne3 Nd4 31. Qd1 Nxf3 32. Qxf3 Nd7 33. Rfc1 Qd8 34. Kh2 Nb6 35. Bf1 Ka7
36. Be2 Rc7 37. Bd1 Rc8 38. Bb3 Ka8 39. Qe2 Ka7 40. Ra2 Ka8 41. Qc2 Ka7 42. Kh3
Ka8 43. Nd5 Ka7 44. Be3 Rg8 45. Qd2 Rg7 46. Rf1 Ka8 47. Raa1 Ka7 48. Bf2 Rh7 49.
Rh1 Rh8 50. Kg2 Ka6 51. Kf3 Ka7 52. Be3 Rg8 53. Rag1 Rg7 54. Bf2 Rh7 55. Ra1 1/2-1/2

[Event "Druzynowe Mistrzostwa Polski Juniorow - II Liga"]
[Site "Iwonicz"]
[Date "2016-07-31"]
[Round "9.54"]
[White "Hryn, Aleksandra"]
[Black "Partyka, Justyna"]
[Result "0-1"]
[WhiteTitle "I"]
[BlackTitle "II"]
[WhiteElo "1471"]
[BlackElo "1150"]

1. e4 e6 2. Qe2 Nc6 3. Nf3 Be7 4. g3 d5 5. d3 Nf6 6. Bg2 O-O 7. e5 Nd7 8. O-O b6
9. Re1 a5 10. Bf4 Bc5 11. h4 Nd4 12. Nxd4 Bxd4 13. c3 Bc5 14. Nd2 Ba6 15. Bf1
c6 16. Qg4 Re8 17. Bh6 g6 18. h5 f5 19. Qf4 Bf8 20. Nf3 Nc5 21. Rad1 Qe7 22. Kg2
Bxh6 23. Qxh6 Qg7 24. Qg5 gxh5 25. Qxh5 Qg6 26. Qh4 Rf8 27. Qf4 Ra7 28. Be2 Rg7
29. Nh4 Qg5 30. Qxg5 Rxg5 31. f4 Rg7 32. Rh1 Kf7 33. Nf3 Ne4 34. dxe4 Bxe2 35.
Rd2 Bxf3+ 36. Kxf3 fxe4+ 37. Kf2 Rfg8 38. Rh3 e3+ 39. Kxe3 Rxg3+ 40. Rxg3 Rxg3+
41. Kf2 Rg8 42. Kf3 h5 43. Rh2 Rh8 44. b3 Kg6 45. Rg2+ Kh6 46. Rh2 Rg8 47. Rh1
c5 48. Rh2 Rg1 49. Ke3 Rg3+ 50. Kd2 Rf3 51. c4 Rxf4 52. cxd5 Rd4+ 53. Kc3 Rxd5
54. Kc4 Rxe5 55. Kb5 c4+ 56. Kxc4 Rc5+ 57. Kd4 Kg5 58. Ke4 Kg4 59. Rg2+ Kh3 60.
Rg6 Rc2 61. Kf4 Rc6 62. Kg5 h4 63. Rh6 Rc5+ 64. Kf4 e5+ 65. Ke4 b5 66. Kf5 a4
67. bxa4 bxa4 68. Kg5 e4+ 69. Kf4 Rc4 70. Ke3 Kg3 71. Rg6+ Kh2 72. Rg4 h3 73.
Rg5 Kh1 74. Kd2 h2 75. Kd1 e3 76. Ke2 Rc2+ 77. Kxe3 Rxa2 78. Kd3 Rg2 79. Ra5 Kg1
80. Rxa4 h1=Q 81. Ra1+ Kh2 0-1

[Event "Druzynowe Mistrzostwa Polski Juniorow - II Liga"]
[Site "Iwonicz"]
[Date "2016-07-31"]
[Round "9.55"]
[White "Mrozowski, Patryk"]
[Black "Stochnialek, Dominika"]
[Result "1-0"]
[WhiteTitle "I++"]
[BlackTitle "I"]
[WhiteElo "1901"]
[BlackElo "1439"]

1. e4 c5 2. Nf3 d6 3. d4 cxd4 4. Nxd4 Nf6 5. Nc3 g6 6. Be2 Bg7 7. Be3 O-O 8. O-O
Nc6 9. Nb3 Be6 10. f4 Bxb3 11. axb3 a6 12. Bf3 Qc7 13. Qd2 Rac8 14. Rfd1 Rfd8
15. Na4 Nd7 16. Qf2 Rf8 17. Bg4 Ncb8 18. Nb6 Rce8 19. Nd5 Qc6 20. c3 Nf6 21. Nxf6+
Bxf6 22. Bf3 Qc8 23. g4 Nd7 24. b4 Bg7 25. Qg2 Qc7 26. Qf2 Qc8 27. Kg2 Nf6 28.
h3 Qc4 29. Qc2 Qc7 30. Rac1 Rc8 31. c4 b5 32. c5 a5 33. Qe2 dxc5 34. Rxc5 Qb8
35. Rxb5 Qc7 36. e5 Ne8 37. bxa5 f6 38. Rc5 Qb8 39. Qc4+ 1-0

[Event "Druzynowe Mistrzostwa Polski Juniorow - II Liga"]
[Site "Iwonicz"]
[Date "2016-07-31"]
[Round "9.56"]
[White "Kus, Aleksander"]
[Black "Chodorowski, Adrian"]
[Result "1-0"]
[WhiteTitle "I"]
[BlackTitle "II"]
[WhiteElo "1818"]
[BlackElo "1334"]

1. e4 e5 2. Nf3 Nf6 3. Nc3 Nc6 4. Bb5 d6 5. d4 Bd7 6. O-O exd4 7. Nxd4 Nxd4 8.
Bxd7+ Qxd7 9. Qxd4 Be7 10. Bg5 h6 11. Bh4 a6 12. Rad1 Rd8 13. e5 dxe5 14. Qxe5
Qg4 15. Bxf6 gxf6 16. Qxc7 Qb4 17. Nd5 Qd6 18. Qxb7 Rd7 19. Qc8+ Rd8 20. Qc4 O-O
21. Qg4+ Kh7 22. Rfe1 Rfe8 23. g3 Qc5 24. Qf5+ Kh8 25. Nxe7 Qxf5 26. Nxf5 Rxe1+
27. Rxe1 Kh7 28. c4 Rc8 29. Rc1 Rc5 30. Nd4 Kg7 31. b4 Rc7 32. a4 Kf8 33. b5 axb5
34. axb5 Ke8 35. c5 Kd7 36. b6 1-0

[Event "Druzynowe Mistrzostwa Polski Juniorow - II Liga"]
[Site "Iwonicz"]
[Date "2016-07-31"]
[Round "9.57"]
[White "Jaszczuk, Mateusz"]
[Black "Poltorak, Sebastian"]
[Result "0-1"]
[WhiteTitle "II"]
[BlackTitle "I"]
[WhiteElo "1337"]
[BlackElo "1707"]

1. c4 Nf6 2. Nc3 e6 3. g3 d5 4. cxd5 exd5 5. d4 c6 6. Bg2 Bd6 7. e3 Bf5 8. Nge2
Nbd7 9. O-O O-O 10. a3 a5 11. h3 h6 12. g4 Bh7 13. f4 g5 14. f5 Re8 15. Kf2 h5
16. Bf3 h4 17. Rb1 Qe7 18. Bd2 b5 19. Qc2 Nb6 20. a4 Nc4 21. Qd3 b4 22. Nd1 Qc7
23. b3 Bg3+ 24. Kg2 Nd6 25. Nf2 Bxf2 26. Rxf2 Nde4 27. Bxe4 Rxe4 28. Rc1 Re7 29.
Qc2 Ne4 30. Rf3 f6 31. Be1 Rc8 32. Rd1 Qb6 33. Qd3 Kg7 34. Rc1 Bg8 35. Rc2 Rec7
36. Rf1 Qb7 37. Bd2 c5 38. dxc5 Nxc5 39. Qb5 Qxb5 40. axb5 Nxb3 41. Rxc7+ Rxc7
42. Bc1 Rb7 43. Nd4 Nxd4 44. exd4 Rxb5 45. Bd2 Rb7 46. Ra1 Rb5 47. Rb1 b3 48.
Bc3 a4 49. Bb2 Rb4 50. Kf3 Rc4 51. Rc1 Rb4 52. Ke3 Bf7 53. Kd2 Rb7 54. Kc3 Be8
55. Re1 Kf7 56. Ba3 Bb5 57. Re6 Bf1 58. Re3 b2 59. Bxb2 Rb3+ 60. Kd2 Rxb2+ 0-1

[Event "Druzynowe Mistrzostwa Polski Juniorow - II Liga"]
[Site "Iwonicz"]
[Date "2016-07-31"]
[Round "9.58"]
[White "Ullrich, Karol"]
[Black "Gazda, Dominik"]
[Result "0-1"]
[WhiteTitle "II"]
[BlackTitle "II"]
[WhiteElo "1211"]
[BlackElo "1223"]

1. e4 c5 2. Nf3 Nc6 3. Bd3 g6 4. c3 Bg7 5. Bc2 d6 6. O-O Nf6 7. d4 cxd4 8. cxd4
Bg4 9. Be3 Nd7 10. d5 Nce5 11. Nbd2 Qc7 12. Ba4 Nxf3+ 13. Nxf3 Bxb2 14. Rb1 Bg7
15. h3 Bxf3 16. Qxf3 O-O 17. Rfc1 Nc5 18. Qg3 Qa5 19. Bxc5 Qxa4 20. Qa3 Qxe4 21.
Be3 b6 22. Rd1 Rfc8 23. Rb4 Qf5 24. Rf4 Qe5 25. Qa4 Qb2 26. Rd2 Rc1+ 27. Kh2 Qb1
28. Rb4 Rh1+ 29. Kg3 Be5+ 30. Bf4 Qe1 31. Kf3 Bxf4 32. Re2 Qc3+ 33. Kxf4 Rc8 34.
Ree4 Qf6+ 35. Kg3 Rc3+ 36. Re3 Rxe3+ 37. fxe3 Rf1 38. Rf4 Rxf4 39. exf4 Qc3+ 40.
Kh2 Qc7 41. Qe4 Kg7 42. f5 Qd7 43. fxg6 hxg6 44. h4 a6 45. Qd4+ f6 46. Qxb6 Qa4
47. Qf2 Qc4 48. Qe1 Kf8 49. Qg3 Kf7 50. h5 gxh5 51. Qf3 Qg4 52. Qxg4 hxg4 53.
Kg3 f5 54. Kf4 Kf6 55. g3 e6 56. dxe6 Kxe6 57. Ke3 Ke5 58. Kd3 f4 59. gxf4+ Kxf4
60. Ke2 g3 61. Kf1 Kf3 62. a3 g2+ 63. Kg1 d5 64. a4 d4 65. a5 d3 66. Kh2 Kf2 67.
Kh3 g1=Q 68. Kh4 Kf3 69. Kh5 Kf4 70. Kh6 Kf5 71. Kh7 Kf6 72. Kh8 Qg7# 0-1

[Event "Druzynowe Mistrzostwa Polski Juniorow - II Liga"]
[Site "Iwonicz"]
[Date "2016-07-31"]
[Round "9.59"]
[White "Winter, Anna"]
[Black "Andrzejewska, Maja"]
[Result "1/2-1/2"]
[WhiteTitle "I"]
[BlackTitle "II"]
[WhiteElo "1374"]
[BlackElo "1298"]

1. d4 d5 2. c4 e6 3. Nf3 Nf6 4. Nc3 Nbd7 5. e3 c6 6. Bd3 dxc4 7. Bxc4 Be7 8. O-O
O-O 9. Qc2 Nb6 10. Bd3 g6 11. b3 Nbd5 12. Nxd5 Nxd5 13. Bd2 Bb4 14. Bxb4 Nxb4
15. Qc4 Nxd3 16. Qxd3 c5 17. Rfd1 cxd4 18. Qxd4 Qxd4 19. Nxd4 a6 20. Rac1 e5 21.
Ne2 Be6 22. Kf1 Rac8 23. h3 Rxc1 24. Rxc1 Rd8 25. Ke1 Kf8 26. Rc7 Rd7 27. Rxd7
Bxd7 28. Kd2 Ke7 29. Nc3 f5 30. f3 Kd6 31. h4 Bc6 1/2-1/2

[Event "Druzynowe Mistrzostwa Polski Juniorow - II Liga"]
[Site "Iwonicz"]
[Date "2016-07-31"]
[Round "9.60"]
[White "Roszkiewicz, Anna"]
[Black "Uliasz, Katarzyna"]
[Result "1-0"]
[WhiteTitle "I"]
[BlackTitle "II+"]
[WhiteElo "1445"]
[BlackElo "1097"]

1. e4 d5 2. exd5 Qxd5 3. Nc3 Qd6 4. d4 c6 5. Nf3 Nf6 6. h3 Bf5 7. Bd3 Bg6 8. Be3
Nbd7 9. Bxg6 hxg6 10. Qd2 e6 11. O-O-O Nd5 12. Bg5 Qc7 13. Bh4 Bb4 14. Qg5 Qf4+
15. Qxf4 Nxf4 16. Bg3 Nh5 17. Ne2 Nxg3 18. Nxg3 O-O-O 19. c3 Be7 20. Ne4 Nf6 21.
Neg5 Rdf8 22. Ne5 Nd5 23. Ngxf7 Rh5 24. Rd3 Bg5+ 25. Kc2 Bf4 26. g4 Rh7 27. Rf3
Bxe5 28. Nxe5 Rxf3 29. Nxf3 Rh8 30. Ng5 Rf8 31. f3 Kd7 32. Kd3 Ke7 33. h4 Nf4+
34. Ke4 Ng2 35. Rh2 Nf4 36. c4 b6 37. Nh3 Nxh3 38. Rxh3 Kf6 39. g5+ Ke7 40. f4
Rf5 41. b4 a5 42. a3 axb4 43. axb4 b5 44. c5 Rd5 45. Ra3 Rd7 46. Ra8 Rd8 47. Rxd8
Kxd8 48. Kf3 Ke7 49. Kg4 Kf7 50. h5 gxh5+ 51. Kxh5 Ke7 52. Kg6 Kf8 53. f5 exf5
54. Kxf5 Ke7 55. Ke5 g6 56. d5 cxd5 57. Kxd5 Kd7 58. Ke5 Ke7 59. c6 Kd8 60. Kd6
Kc8 61. c7 Kb7 62. Kd7 Ka7 63. c8=Q Kb6 64. Qc6+ Ka7 65. Qxb5 1-0

[Event "Druzynowe Mistrzostwa Polski Juniorow - II Liga"]
[Site "Iwonicz"]
[Date "2016-07-31"]
[Round "9.61"]
[White "Koseski, Damian"]
[Black "Guzik, Natalia"]
[Result "0-1"]
[WhiteTitle "I"]
[BlackTitle "I++"]
[WhiteElo "1762"]
[BlackElo "1608"]

1. e4 c5 2. Nf3 Nc6 3. d4 cxd4 4. Nxd4 g6 5. Nc3 Bg7 6. Be3 Nf6 7. f3 O-O 8. Qd2
d5 9. O-O-O dxe4 10. Nxc6 Qxd2+ 11. Rxd2 bxc6 12. Nxe4 Nd5 13. Bg5 f6 14. Bc4
e6 15. Bh4 Bh6 16. Bxd5 Bxd2+ 17. Kxd2 exd5 18. Nxf6+ Kg7 19. Ng4 Bxg4 20. fxg4
Rae8 21. h3 Re4 22. Re1 Rxe1 23. Kxe1 Kf7 24. Bf2 a6 25. b4 Re8+ 26. Kd2 Re4 27.
c3 h5 28. gxh5 gxh5 29. Bb6 Re8 30. g3 Kg6 31. h4 Kf5 32. Kd3 Kg4 33. Bc7 Re4
34. a4 Kf3 35. a5 Kf2 36. Bd6 Rg4 37. Bc7 Rxg3+ 38. Bxg3+ Kxg3 39. Kd4 Kxh4 40.
Kc5 Kg4 41. Kb6 h4 42. Kxa6 h3 43. Kb7 h2 44. a6 h1=Q 45. a7 Qh7+ 46. Kb8 Qh8+
47. Kb7 Qg7+ 48. Kb6 Qf8 49. Kb7 Qe7+ 50. Kb8 Qd8+ 51. Kb7 Qd7+ 52. Kb8 Qe8+ 53.
Kb7 d4 54. cxd4 Qe7+ 55. Kb6 Qxb4+ 56. Kxc6 Qa5 57. Kb7 Qb5+ 58. Kc7 Qa6 59. Kb8
Qb6+ 60. Ka8 Qc7 61. d5 Qc8# 0-1

[Event "Druzynowe Mistrzostwa Polski Juniorow - II Liga"]
[Site "Iwonicz"]
[Date "2016-07-31"]
[Round "9.62"]
[White "Bakalarczyk, Jakub"]
[Black "Laszczak, Przemyslaw"]
[Result "0-1"]
[WhiteTitle "I"]
[BlackTitle "I+"]
[WhiteElo "1591"]
[BlackElo "1819"]

1. e4 c5 2. Nc3 Nc6 3. g3 g6 4. Bg2 Bg7 5. d3 d6 6. Be3 e6 7. Qd2 Nge7 8. Bh6 O-O
9. h4 f6 10. O-O-O Rb8 11. g4 b5 12. Bxg7 Kxg7 13. f4 b4 14. Nce2 f5 15. gxf5
exf5 16. h5 a5 17. Nf3 a4 18. c4 Ng8 19. hxg6 h6 20. Ng3 Nf6 21. Nxf5+ Bxf5 22.
exf5 a3 23. b3 Ng8 24. Ng5 Nd4 25. Ne6+ Nxe6 26. fxe6 Qf6 27. Qc2 Qa1+ 28. Qb1
Qd4 29. Rhf1 Rxf4 30. Rxf4 Qxf4+ 31. Kc2 Qg3 32. Qa1+ Nf6 33. Be4 Re8 34. Bd5
Qf2+ 35. Rd2 Qf4 36. Re2 Re7 37. Rd2 h5 38. Re2 h4 39. Re4 Qf2+ 40. Kd1 h3 41.
Re2 Qf1+ 42. Re1 Qxd3+ 43. Kc1 Qg3 44. Rf1 Qg5+ 45. Kd1 h2 46. Rh1 Qg4+ 47. Kd2
Qf4+ 48. Ke2 Kg8 49. Rf1 Qg4+ 50. Kd2 Qg5+ 51. Ke2 Kg7 52. Rf2 Qh5+ 53. Kd2 Qg5+
54. Ke2 Qh5+ 55. Kd2 Qh4 56. Ke2 Rxe6+ 57. Kd2 0-1

[Event "Druzynowe Mistrzostwa Polski Juniorow - II Liga"]
[Site "Iwonicz"]
[Date "2016-07-31"]
[Round "9.63"]
[White "Krolak, Kacper"]
[Black "Jagura, Norbert"]
[Result "1/2-1/2"]
[WhiteTitle "III"]
[BlackTitle "II"]
[WhiteElo "1174"]
[BlackElo "1505"]

1. e4 c5 2. c3 d5 3. exd5 Qxd5 4. d4 Nc6 5. dxc5 Qxd1+ 6. Kxd1 e5 7. Be3 Nf6 8.
h3 Nd5 9. b4 Nxe3+ 10. fxe3 a5 11. Bb5 Bd7 12. Bxc6 Bxc6 13. Nf3 f6 14. Nbd2 b6
15. cxb6 axb4 16. cxb4 Bxb4 17. Rc1 Bxf3+ 18. gxf3 O-O 19. b7 Rxa2 20. Rh2 Ra7
21. Rc7 Bd6 22. b8=Q Ra1+ 23. Qb1 Rxb1+ 24. Nxb1 Bxc7 25. e4 f5 26. Nc3 fxe4 27.
fxe4 h5 28. Rg2 Rf3 29. Nd5 Bd8 30. Rh2 g5 31. Ke1 Ra3 32. Kf2 Ra2+ 33. Kg1 Rxh2
34. Kxh2 Kf7 35. Kg3 Ke6 36. Ne3 Kd6 37. Nf5+ Kc5 38. Ng7 Ba5 1/2-1/2

[Event "Druzynowe Mistrzostwa Polski Juniorow - II Liga"]
[Site "Iwonicz"]
[Date "2016-07-31"]
[Round "9.64"]
[White "Wojtasik, Szymon"]
[Black "Zaborowski, Maciej"]
[Result "1-0"]
[WhiteTitle "II"]
[BlackTitle "II"]
[WhiteElo "1240"]
[BlackElo "1118"]

1. e4 c5 2. Nf3 d6 3. d4 cxd4 4. Nxd4 Nf6 5. Nc3 a6 6. f4 e6 7. Be2 Be7 8. O-O
O-O 9. Kh1 b5 10. Bf3 e5 11. fxe5 dxe5 12. Nf5 Nc6 13. Qe1 Nd4 14. Nxd4 Qxd4 15.
Be3 Qd6 16. Qg3 Kh8 17. Rad1 Qc7 18. Nd5 Nxd5 19. exd5 Bd6 20. Qh4 f6 21. Rd2
Bb7 22. Rdf2 Rae8 23. Be4 g6 24. Bxg6 Bxd5 25. Bxe8 Rxe8 26. Qxf6+ Qg7 27. Qxd6
Bb7 28. Rf8+ Rxf8 29. Rxf8+ Qxf8 30. Qxf8# 1-0

[Event "Druzynowe Mistrzostwa Polski Juniorow - II Liga"]
[Site "Iwonicz"]
[Date "2016-07-31"]
[Round "9.65"]
[White "Parol, Pola"]
[Black "Bakalarczyk, Zuzanna"]
[Result "1-0"]
[WhiteTitle "k"]
[BlackTitle "I"]
[WhiteElo "1817"]
[BlackElo "1312"]

1. e4 e5 2. Nf3 d6 3. d4 exd4 4. Nxd4 Nf6 5. Nc3 Be7 6. Be2 O-O 7. O-O Be6 8. f4
h6 9. Be3 Qc8 10. h3 Nc6 11. Qe1 Re8 12. Qg3 Nxd4 13. Bxd4 c5 14. Be3 Kh7 15.
Bd3 c4 16. Be2 Qc6 17. Bf3 Qc7 18. Nb5 Qc6 19. Nc3 Qc7 20. Rad1 a6 21. f5 Bd7
22. Kh1 Bc6 23. Nd5 Bxd5 24. exd5 Bf8 25. Bd4 Qd8 26. Qf4 Nd7 27. Bh5 Ne5 28.
Bxe5 Rxe5 29. Bxf7 Qf6 30. Bg6+ Kh8 31. Qxc4 b5 32. Qc6 Ra7 33. a4 bxa4 34. Qxa4
Ree7 35. Qd4 Qxd4 36. Rxd4 Rab7 37. b3 Rec7 38. Rf2 Be7 39. Re4 Rc8 40. Rfe2 Bf8
41. Be8 Kg8 42. Bc6 Rbb8 43. Ra4 Rb6 44. Re1 Kf7 45. Rea1 Be7 46. Rxa6 Rxa6 47.
Rxa6 Rb8 48. Ra7 Rb6 49. Kg1 Kf8 50. Kf2 Bf6 51. Ke2 Rb4 52. Ra4 Rb8 53. Kd3 Ke7
54. Ra7+ Kf8 55. Kc4 Rb6 56. b4 Rb8 57. Kb3 Bd4 58. Rd7 Be5 59. c4 Rb6 60. Ra7
Rb8 61. Ka4 Rb6 62. Ka5 Rb8 63. Rd7 Bc3 64. Bb7 Ke8 65. Rc7 Kd8 66. Kb6 Bd4+ 67.
Kc6 Be5 68. Rd7+ Ke8 69. Rc7 Kd8 70. b5 Bf6 71. Rd7+ Ke8 72. Rxd6 Be5 73. Re6+
1-0

[Event "Druzynowe Mistrzostwa Polski Juniorow - II Liga"]
[Site "Iwonicz"]
[Date "2016-07-31"]
[Round "9.66"]
[White "Matyjasek, Michalina"]
[Black "Zaborowska, Maria"]
[Result "1-0"]
[WhiteTitle "II"]
[BlackTitle "I"]
[WhiteElo "1199"]
[BlackElo "1215"]

1. d4 Nf6 2. c4 e5 3. dxe5 Ng4 4. Nf3 Bc5 5. e3 Nc6 6. Nc3 Ngxe5 7. Be2 O-O 8.
O-O a5 9. b3 d6 10. Bb2 Be6 11. Qc2 Nxf3+ 12. Bxf3 f5 13. Rad1 Rb8 14. Ne2 Qe7
15. Nf4 Ne5 16. Bxe5 dxe5 17. Nxe6 Rf6 18. Nxc5 Qxc5 19. Rd5 Qe7 20. Rfd1 b6 21.
Rd7 Qc5 22. Rd8+ Rxd8 23. Rxd8+ Kf7 24. Rd5 Qb4 25. Qd2 e4 26. Qxb4 axb4 27. Be2
c5 28. f3 Ke6 29. g4 g6 30. g5 Rf7 31. fxe4 fxe4 32. Bg4+ Ke7 33. Re5+ Kd6 34.
Rxe4 Kc7 35. Rf4 Re7 36. e4 Kd6 37. Rf6+ Kc7 38. Re6 Rf7 39. Kg2 Kb7 40. e5 Kc7
41. Rf6 Re7 42. e6 Kd6 43. Kf3 Ke5 44. Ke3 Kd6 45. Ke4 Re8 46. Rf7 Rxe6+ 47. Bxe6
Kxe6 48. Rxh7 1-0

[Event "Druzynowe Mistrzostwa Polski Juniorow - II Liga"]
[Site "Iwonicz"]
[Date "2016-07-31"]
[Round "9.67"]
[White "Miasik, Adrian"]
[Black "Sloniewski, Kacper"]
[Result "1-0"]
[WhiteTitle "I"]
[BlackTitle "II"]
[WhiteElo "1950"]
[BlackElo "1168"]

1. d4 g6 2. Nf3 Bg7 3. c4 d6 4. Nc3 Nd7 5. e4 e6 6. Be2 a6 7. O-O c5 8. Be3 b6
9. Qd2 Ne7 10. dxc5 dxc5 11. Rad1 O-O 12. Bh6 Qc7 13. Bxg7 Kxg7 14. a3 Rd8 15.
Qd6 Qxd6 16. Rxd6 Re8 17. Rfd1 Ra7 18. R1d2 Rb7 19. Bd1 Nf6 20. Ba4 Rf8 21. Ne5
Nh5 22. g3 Nf6 23. f3 h5 24. b4 Nh7 25. Kf2 f6 26. Nd3 cxb4 27. axb4 Ng5 28. c5
b5 29. Bb3 Nf7 30. Rxa6 Rd7 31. Raa2 Rd4 32. Nxb5 1-0

[Event "Druzynowe Mistrzostwa Polski Juniorow - II Liga"]
[Site "Iwonicz"]
[Date "2016-07-31"]
[Round "9.68"]
[White "Nowacka, Dorota"]
[Black "Ciasnocha, Michal"]
[Result "0-1"]
[WhiteTitle "I"]
[BlackTitle "II"]
[WhiteElo "1415"]
[BlackElo "1460"]

1. d4 d5 2. Nf3 c6 3. e3 Nf6 4. Bd3 e6 5. b3 Bd6 6. Bb2 O-O 7. O-O Nbd7 8. Ne5
c5 9. f4 cxd4 10. exd4 Ne4 11. Nc3 f5 12. Rf3 b6 13. Kh1 Bxe5 14. Bxe4 fxe4 15.
Rh3 Bd6 16. Qh5 Nf6 17. Qg5 Bd7 18. Ne2 Qc7 19. Rc1 Bb4 20. Nc3 0-1

[Event "Druzynowe Mistrzostwa Polski Juniorow - II Liga"]
[Site "Iwonicz"]
[Date "2016-07-31"]
[Round "9.69"]
[White "Babiarz, Arkadiusz"]
[Black "Syrkiewicz, Michal"]
[Result "1-0"]
[WhiteTitle "I"]
[BlackTitle "II"]
[WhiteElo "1692"]
[BlackElo "1389"]

1. e4 e6 2. d4 d5 3. exd5 exd5 4. Bd3 Bd6 5. Nf3 Ne7 6. O-O Nbc6 7. c3 Bg4 8. Re1
Qd7 9. Be3 O-O-O 10. Nbd2 f6 11. b4 Rde8 12. a4 g5 13. a5 h5 14. b5 Nd8 15. c4
dxc4 16. Nxc4 Bb4 17. b6 a6 18. bxc7 Ndc6 19. Nb6+ 1-0

[Event "Druzynowe Mistrzostwa Polski Juniorow - II Liga"]
[Site "Iwonicz"]
[Date "2016-07-31"]
[Round "9.71"]
[White "Luka, Agnieszka"]
[Black "Dabrowska, Aleksandra"]
[Result "0-1"]
[WhiteTitle "II"]
[BlackTitle "I"]
[WhiteElo "1307"]
[BlackElo "1371"]

1. d4 Nf6 2. c4 e5 3. dxe5 Ng4 4. Nf3 Nc6 5. Nc3 Ngxe5 6. e3 d6 7. Be2 Bf5 8. Nd5
Be7 9. O-O O-O 10. Qd2 Be4 11. Nxe5 Nxe5 12. b3 c6 13. Nf4 Qc7 14. Bb2 Bf5 15.
Rac1 Bg6 16. Rfd1 Rad8 17. Nd3 Bf6 18. Nf4 Qe7 19. Bd3 Bxd3 20. Nxd3 Nxd3 21.
Bxf6 Qxf6 22. Qxd3 Rfe8 23. Qd4 Qxd4 24. Rxd4 f5 25. Rcd1 Re6 26. R4d3 Kf7 27.
f3 Ke7 28. Kf2 Re5 29. R1d2 b5 30. cxb5 Rxb5 31. Rc3 Rc8 32. Rdc2 Kd7 33. Rd3
Ke6 34. Rcd2 d5 35. Rc2 Kd6 36. Rcd2 Rcb8 37. Rd4 Rb4 38. Rxb4 Rxb4 39. Ke2 Ke5
40. Rc2 Kd6 41. Kd3 c5 42. h3 h5 43. Rc3 g5 44. g3 g4 45. a3 Rb8 46. hxg4 hxg4
47. f4 Rh8 48. Rc2 Rh1 49. Rg2 Rh3 50. Rg1 Kc6 51. Kc3 a5 52. a4 Kd6 53. Kd3 Rh8
54. Rc1 Rb8 55. Rc3 Rb4 56. Kc2 d4 57. exd4 Rxd4 58. Rd3 Rxd3 59. Kxd3 Kd5 60.
Ke3 c4 0-1

[Event "Druzynowe Mistrzostwa Polski Juniorow - II Liga"]
[Site "Iwonicz"]
[Date "2016-07-31"]
[Round "9.73"]
[White "Marczak, Szymon"]
[Black "Zylinski, Piotr"]
[Result "1-0"]
[WhiteTitle "I"]
[BlackTitle "I"]
[WhiteElo "1709"]
[BlackElo "1577"]

1. c4 c6 2. e4 d5 3. exd5 cxd5 4. cxd5 Nf6 5. Bb5+ Bd7 6. Bc4 Qc7 7. Bb3 Na6 8.
d4 Nb4 9. Nc3 Bf5 10. Qf3 Bc2 11. Bf4 Qxf4 12. Qxf4 Nd3+ 13. Kd2 Nxf4 14. Kxc2
Rc8 15. Nf3 N4xd5 16. Ne5 a6 17. Kd2 e6 18. Rhe1 Bb4 19. Rac1 O-O 20. Nd3 Ba5
21. a3 Rfd8 22. Bxd5 Nxd5 23. b4 Nxc3 24. Rxc3 Bb6 25. Rxc8 Rxc8 26. Nc5 Bxc5
27. dxc5 Kf8 28. Rd1 Ke7 29. Kc3 e5 30. a4 a5 31. Kc4 axb4 32. Kxb4 Rc6 33. Kb5
f5 34. a5 e4 35. Kc4 Ra6 36. Rb1 Rxa5 37. Rxb7+ Kf6 38. c6 Ra2 39. c7 Rc2+ 40.
Kd5 g5 41. Rb6+ Ke7 42. Rc6 Rd2+ 43. Ke5 e3 44. fxe3 Rd3 45. c8=Q Rxe3+ 46. Kd4
Re4+ 47. Kd5 Kf7 48. Rc7+ Kg6 49. Qg8+ Kh5 50. Qxh7+ Kg4 51. Qh3+ Kf4 52. Qg3#
1-0